000
00323nam a22001457a 4500
003
SGT
020
_a
9788175341814
082
_a
340.14,ESK
100
_a
ESKRIDGE, WILLIAM N
245
_a
DYNAMIC STATUTORY INTERPRETATION
250
_a
1ST
260
_a
NEW DELHI
_b
UNIVERSAL BOOK
_c
2009
300
_a
438
942
_2
ddc
_c
BK
999
_c
9904
_d
9904